000 00337 a2200157 4500
001 62934
020 _a9788592040000
040 _cAnchieta - Pituba
100 _aOliveira, Silvana
240 1 0 _aFaladas de Sofia
_lpor
245 1 0 _aFaladas de Sofia
300 _a131
362 0 _a2015
650 4 _aLiteratura juvenil
942 _cBK
999 _c62934
_d62934